Problems de linguistique generale
Αποθηκεύτηκε σε:
| Κύριος συγγραφέας: | |
|---|---|
| Μορφή: | Βιβλίο |
| Γλώσσα: | French |
| Δημοσίευση: |
Paris :
Gallimard,
1966-1974
|
| Σειρά: | Bibliotheque des sciences humaines
|
| Θέματα: | |
| Ετικέτες: |
Προσθήκη ετικέτας
Δεν υπάρχουν, Καταχωρήστε ετικέτα πρώτοι!
|
MARC
| LEADER | 00000cam a2200000 i 4500 | ||
|---|---|---|---|
| 001 | 1/1990 | ||
| 008 | 950807m19661974 fre d | ||
| 035 | |l 10014655 | ||
| 040 | |a GR-MY-UA |b gre |e aacr | ||
| 041 | 0 | |a fre | |
| 082 | 0 | |a 410 | |
| 100 | 1 | |a Benveniste, Emile. | |
| 245 | 1 | 0 | |a Problems de linguistique generale / |c Emile Benveniste |
| 260 | |a Paris : |b Gallimard, |c 1966-1974 | ||
| 300 | |a 2 v.; |c 22 cm | ||
| 490 | 1 | |a Bibliotheque des sciences humaines | |
| 504 | |a Includes bibliographical references | ||
| 650 | 0 | 0 | |a Linguistics. |
| 650 | 0 | 0 | |a Speeches, addresses, etc. |
| 830 | 0 | |a Bibliotheque des sciences humaines | |
| 852 | |a INST |b LESVOS |e 19950807 |h 410 BEN |p 005100007555 |q 005100007555 |t BK |y 0 |z v.1 | ||
| 852 | |a INST |b LESVOS |e 19950807 |h 410 BEN |p 005100007556 |q 005100007556 |t BK |y 0 |z v.2 | ||
| 852 | |a INST |b LESVOS |e 19950807 |h 410 BEN |p 005100007555 |q 005100007555 |t BK |v v.1: |y 0 |z v.1 | ||
| 852 | |a INST |b LESVOS |e 19950807 |h 410 BEN |p 005100007556 |q 005100007556 |t BK |v v.2: |y 0 |z v.2 | ||
| 853 | |a INST |b LESVOS |h 410 BEN | ||
| 909 | |a Λ |b 022760 | ||
| 909 | |a Λ |b 023319 | ||